000 00311nam a22001457a 4500
008 210526b ||||| |||| 00| 0 eng d
020 _a9780316501392
041 _aeng
080 _a37
082 _a37
100 _a46
101 _aEDU
245 _aFrom Archetype to Zeitgeist
_cKohl,H
942 _2udc
_cBK
999 _c57655
_d57655